Movies Quiz

Random Movies or Actress Quiz
Score 0/26 Timer 08:00
2 Plays Today
% Correct
Robin Williams
94.3%
Meryl Streep
93.3%
Christian Bale
91.3%
Daniel Day-Lewis
89.9%
Robert Downey Jr.
88.7%
Kevin Costner
87.7%
Natalie Portman
84.6%
Benedict Cumberbatch
84.2%
Dick Van Dyke
83.3%
Patrick Stewart
83.2%
Gwyneth Paltrow
82.2%
Reese Witherspoon
81.3%
Anne Hathaway
78.5%
% Correct
Anthony Hopkins
76.8%
Richard Gere
76.7%
Vivien Leigh
71.3%
Marlon Brando
70.6%
Renée Zellweger
65.7%
Gary Oldman
56.7%
Henry Cavill
56.1%
Alan Rickman
51%
Paul Giamatti
49.1%
Tom Hiddleston
48.9%
Carey Mulligan
33.5%
Dominic West
18.3%
David Oyelowo
17.4%
Remove Ads.
Support Sporcle.
Get the best of Sporcle when you Go Orange. This ad-free experience offers more features, more stats, and more fun while also helping to support Sporcle. Thank you for becoming a member.

You're not logged in!

Compare scores with friends on all Sporcle quizzes.
OR
Log In

Show Comments

Extras

Top Quizzes Today


Score Distribution

Your Account Isn't Verified!

In order to create a playlist on Sporcle, you need to verify the email address you used during registration. Go to your Sporcle Settings to finish the process.

Report this User

Report this user for behavior that violates our Community Guidelines.

Details: